[Event "Xtracon Chess Open 2016"]
[Site "Helsingor DEN"]
[Date "2016.07.24"]
[Round "2.46"]
[White "Olesen, Poul Erik Norgaard"]
[Black "Aabling-Thomsen, Jakob"]
[Result "0-1"]
[BlackTitle "FM"]
[WhiteElo "2020"]
[BlackElo "2344"]
[WhiteFideId "1404253"]
[BlackFideId "1407589"]
[EventDate "2016.07.23"]

1. e4 c5 2. Nf3 Nc6 3. d4 cxd4 4. Nxd4 g6 5. Nc3 Bg7 6. Be3 Nf6 7. Be2 O-O 8.
Nb3 d6 9. O-O Be6 10. f4 Qc8 11. h3 Rd8 12. Bf3 d5 13. e5 Nd7 14. Qe1 Nb6 15.
Rd1 Nc4 16. Bc1 d4 17. Ne2 Ne3 18. Bxe3 dxe3 19. Qc3 a5 20. Qxe3 a4 21. Rxd8+
Nxd8 22. Nc5 Bxa2 23. Ra1 Be6 24. Nc3 Ra5 25. b4 Ra8 26. Rxa4 Rxa4 27. N3xa4 b5
28. Nc3 Bc4 29. Qe4 Ne6 30. Nxe6 Qxe6 31. Qa8+ Bf8 32. Nd5 g5 33. fxg5 Qxe5 34.
h4 Qe1+ 35. Kh2 Qxh4+ 36. Kg1 Qxg5 37. Qd8 h6 38. Be4 Kg7 39. Kf2 Qd2+ 40. Kg1
Qe1+ 0-1

[Event "Xtracon Chess Open 2016"]
[Site "Helsingor DEN"]
[Date "2016.07.24"]
[Round "2.47"]
[White "Kramer, Julian"]
[Black "Pallesen, Jacob"]
[Result "1-0"]
[WhiteTitle "FM"]
[WhiteElo "2341"]
[BlackElo "2026"]
[WhiteFideId "12921742"]
[BlackFideId "1404881"]
[EventDate "2016.07.23"]

1. e4 c5 2. Nf3 e6 3. g3 Nc6 4. Bg2 Nge7 5. O-O b5 6. Re1 Bb7 7. c3 Ng6 8. d4 d6
9. h4 Be7 10. h5 Nf8 11. d5 Ne5 12. Nxe5 dxe5 13. a4 a6 14. axb5 axb5 15. Rxa8
Qxa8 16. Na3 Qa5 17. c4 Ba6 18. cxb5 Bxb5 19. Bd2 Qa4 20. Nxb5 Qxb5 21. Bf1 Qb7
22. Qa4+ Nd7 23. dxe6 fxe6 24. Bb5 Bf6 25. Be3 Ke7 26. Bxd7 Qxd7 27. Bxc5+ Ke8
28. Qa8+ Qd8 29. Ra1 Qxa8 30. Rxa8+ Bd8 31. Bb6 Ke7 32. Kf1 Re8 33. Bxd8+ Rxd8
34. Rxd8 Kxd8 35. Ke2 1-0

[Event "Xtracon Chess Open 2016"]
[Site "Helsingor DEN"]
[Date "2016.07.24"]
[Round "2.48"]
[White "Philipsen, William Horup"]
[Black "McPhillips, Joseph"]
[Result "0-1"]
[BlackTitle "FM"]
[WhiteElo "2016"]
[BlackElo "2341"]
[WhiteFideId "1408470"]
[BlackFideId "422487"]
[EventDate "2016.07.23"]

1. e4 e6 2. d4 d5 3. e5 c5 4. c3 Nc6 5. Nf3 Qb6 6. Bd3 Nh6 7. O-O cxd4 8. cxd4
Nf5 9. Nc3 Nfxd4 10. Be3 Nxf3+ 11. Qxf3 d4 12. Nb5 dxe3 13. fxe3 Nxe5 14. Qh5
Qxe3+ 15. Kh1 g6 16. Nc7+ Kd8 17. Qh4+ Be7 18. Qa4 Kxc7 19. Rac1+ Kb8 20. Qc2
Qb6 21. Bb5 a6 22. Ba4 Ka7 23. Qc3 f6 24. Rf4 Bd7 25. Bxd7 Nxd7 26. Rc4 Ne5 27.
Rc7 Bd6 28. Rg7 Rac8 29. Qxc8 Rxc8 30. Rxc8 Ng4 31. Rgg8 Nf2+ 32. Kg1 Nh3+ 33.
Kh1 Qg1# 0-1

[Event "Xtracon Chess Open 2016"]
[Site "Helsingor DEN"]
[Date "2016.07.24"]
[Round "2.49"]
[White "Buchal, Stephan"]
[Black "Slettebo, Jan"]
[Result "1-0"]
[WhiteTitle "FM"]
[WhiteElo "2338"]
[BlackElo "2022"]
[WhiteFideId "4603915"]
[BlackFideId "1704958"]
[EventDate "2016.07.23"]

1. c4 e5 2. g3 c6 3. d4 exd4 4. Qxd4 d5 5. Nf3 Nf6 6. Bg2 Be7 7. cxd5 cxd5 8.
O-O O-O 9. Nc3 Nc6 10. Qa4 Bc5 11. Bg5 h6 12. Bxf6 Qxf6 13. Rfd1 Be6 14. Qb5 Bd4
15. Nxd4 Nxd4 16. Qa4 1-0

[Event "Xtracon Chess Open 2016"]
[Site "Helsingor DEN"]
[Date "2016.07.24"]
[Round "2.50"]
[White "Christensen, Casper"]
[Black "Wadsworth, Matthew J"]
[Result "0-1"]
[BlackTitle "FM"]
[WhiteElo "2012"]
[BlackElo "2325"]
[WhiteFideId "1415930"]
[BlackFideId "415804"]
[EventDate "2016.07.23"]

1. e4 e6 2. d4 d5 3. exd5 exd5 4. Nf3 Nc6 5. Be2 Bd6 6. O-O Nge7 7. Bg5 Bg4 8.
c4 dxc4 9. d5 Bxf3 10. Bxf3 Ne5 11. Be2 O-O 12. Nc3 h6 13. Bh4 a6 14. a4 Qd7 15.
Bxe7 Qxe7 16. Qd4 Qf6 17. Rad1 Rfe8 18. Kh1 Nd7 19. Qxf6 Nxf6 20. Bxc4 Re5 21.
g3 Rae8 22. Kg2 g6 23. Kg1 Kg7 24. Kg2 h5 25. Rb1 Bb4 26. Rfd1 R8e7 27. h3 h4
28. g4 g5 29. Kf3 Ne4 30. Nxe4 Rxe4 31. Bd3 Rd4 32. Bf5 Rf4+ 33. Kg2 Re2 34. Rf1
Bc5 35. b3 Rfxf2+ 36. Rxf2 Rxf2+ 37. Kh1 Bd6 38. Kg1 Rh2 39. b4 Rxh3 40. b5 axb5
41. axb5 b6 42. Rd1 Re3 43. Rd3 Rxd3 44. Bxd3 Kf6 45. Be2 Ke5 46. Bf3 Kd4 47.
Kg2 Kc5 48. Be2 Kxd5 49. Bf3+ Ke5 50. Bc6 f5 51. gxf5 Kxf5 52. Kh3 Kf4 53. Kh2
g4 0-1

[Event "Xtracon Chess Open 2016"]
[Site "Helsingor DEN"]
[Date "2016.07.24"]
[Round "2.51"]
[White "Flick, Antoine"]
[Black "Janse, Alexander"]
[Result "1-0"]
[WhiteTitle "FM"]
[WhiteElo "2318"]
[BlackElo "2017"]
[WhiteFideId "26025736"]
[BlackFideId "36052175"]
[EventDate "2016.07.23"]

1. d4 Nf6 2. Nf3 b6 3. c4 Bb7 4. g3 e6 5. Bg2 Be7 6. O-O d5 7. Ne5 Nbd7 8. Qa4
O-O 9. Nc6 Bxc6 10. Qxc6 Rc8 11. Nc3 Nb8 12. Qa4 c6 13. Rd1 Qd7 14. Bf4 Rfd8 15.
Rac1 Qb7 16. e4 dxc4 17. Qxc4 Qa6 18. Qxa6 Nxa6 19. Bf1 Nb8 20. Bg2 Nbd7 21. Bf3
Nf8 22. h4 Ng6 23. Be3 c5 24. h5 cxd4 25. Bxd4 e5 26. Be3 Nf8 27. Rxd8 Bxd8 28.
h6 Ne6 29. hxg7 Nd4 30. Kg2 Kxg7 31. g4 Kg6 32. Rh1 Ne6 33. Kg3 Ng5 34. Rd1 Be7
35. Kg2 Rd8 36. Rc1 Bb4 37. Bd1 Bxc3 38. bxc3 Ngxe4 39. Bc2 Nxg4 40. Bxe4+ f5
41. Bb1 Kf6 42. Re1 1-0

[Event "Xtracon Chess Open 2016"]
[Site "Helsingor DEN"]
[Date "2016.07.24"]
[Round "2.52"]
[White "Matthiesen, Martin"]
[Black "Jessen, Alexander"]
[Result "1-0"]
[WhiteTitle "FM"]
[WhiteElo "2316"]
[BlackElo "2014"]
[WhiteFideId "1404067"]
[BlackFideId "1437917"]
[EventDate "2016.07.23"]

1. d4 e6 2. c4 d5 3. Nc3 Bb4 4. Nf3 dxc4 5. e3 b5 6. a4 c6 7. Bd2 a5 8. axb5
Bxc3 9. Bxc3 cxb5 10. b3 Bb7 11. bxc4 b4 12. Bb2 Nf6 13. Bd3 Nbd7 14. O-O O-O
15. Re1 Ne4 16. Qc2 Ndf6 17. Ne5 Nd6 18. c5 Nde8 19. e4 Nh5 20. c6 Bc8 21. Qc5
Nf4 22. Bf1 Qg5 23. g3 Nf6 24. Bc1 N6h5 25. Bg2 1-0

[Event "Xtracon Chess Open 2016"]
[Site "Helsingor DEN"]
[Date "2016.07.24"]
[Round "2.53"]
[White "Kovachev, Daniel Jakobsen"]
[Black "Skou, Niels"]
[Result "1-0"]
[WhiteTitle "FM"]
[WhiteElo "2315"]
[BlackElo "2011"]
[WhiteFideId "1503448"]
[BlackFideId "1413155"]
[EventDate "2016.07.23"]

1. d4 Nf6 2. Nf3 e6 3. e3 b6 4. Bd3 Bb7 5. O-O Be7 6. c4 d5 7. cxd5 exd5 8. Nc3
O-O 9. b3 Re8 10. Bb2 Nbd7 11. Qc2 Rc8 12. Ne5 c5 13. Nxd7 Nxd7 14. Bxh7+ Kh8
15. Bf5 cxd4 16. exd4 Bf6 17. Qd3 1-0

[Event "Xtracon Chess Open 2016"]
[Site "Helsingor DEN"]
[Date "2016.07.24"]
[Round "2.54"]
[White "Nielsen, Hogni Egilstoft"]
[Black "Schmitt, Carsten1"]
[Result "1/2-1/2"]
[WhiteTitle "FM"]
[WhiteElo "2301"]
[BlackElo "2008"]
[WhiteFideId "7200404"]
[BlackFideId "24675253"]
[EventDate "2016.07.23"]

1. e4 e6 2. d4 d5 3. Nd2 Nf6 4. e5 Nfd7 5. Bd3 c5 6. c3 Nc6 7. Ne2 cxd4 8. cxd4
f6 9. Nf4 Nxd4 10. Qh5+ Ke7 11. exf6+ Nxf6 12. Ng6+ hxg6 13. Qxh8 Kf7 14. Qh4 e5
15. Nf3 Bb4+ 16. Kf1 e4 17. Nxd4 exd3 18. Be3 Be7 19. f3 Qe8 20. Qe1 b6 1/2-1/2

[Event "Xtracon Chess Open 2016"]
[Site "Helsingor DEN"]
[Date "2016.07.24"]
[Round "2.55"]
[White "Madsen, Michael Ole"]
[Black "Bach, Matthias"]
[Result "0-1"]
[BlackTitle "FM"]
[WhiteElo "2010"]
[BlackElo "2296"]
[WhiteFideId "1407449"]
[BlackFideId "4603168"]
[EventDate "2016.07.23"]

1. d4 Nf6 2. Nf3 d6 3. g3 g6 4. Bg2 Bg7 5. O-O O-O 6. c4 c6 7. Nc3 Qa5 8. e4 Qh5
9. e5 dxe5 10. Nxe5 Qxd1 11. Rxd1 Ng4 12. Nf3 Nh6 13. h3 Nf5 14. Bf4 Rd8 15. Bc7
Re8 16. g4 Na6 17. Be5 f6 18. gxf5 fxe5 19. fxg6 exd4 20. gxh7+ Kxh7 21. Nxd4
Rg8 22. Kf1 Rh8 23. Ne4 Kg8 24. Ng5 Bf6 25. Nde6 Bxe6 26. Nxe6 Kf7 27. Nf4 Rh4
28. Nd5 Bd4 29. Rab1 cxd5 30. Bxd5+ Kg7 31. Bxb7 Rf8 32. Bxa6 Rxf2+ 33. Ke1 Re4# 0-1

[Event "Xtracon Chess Open 2016"]
[Site "Helsingor DEN"]
[Date "2016.07.24"]
[Round "2.56"]
[White "Rostgaard, Tobias Valentin"]
[Black "Higgs, Joshua"]
[Result "1-0"]
[WhiteElo "2287"]
[BlackElo "2003"]
[WhiteFideId "1408801"]
[BlackFideId "426920"]
[EventDate "2016.07.23"]

1. c4 e6 2. g3 Nf6 3. Bg2 d5 4. Nf3 Be7 5. O-O O-O 6. b3 b6 7. Bb2 Bb7 8. d3 c5
9. e3 Nc6 10. Na3 dxc4 11. Nxc4 Nb4 12. Nce5 Qc7 13. a3 Nc6 14. Rc1 Nxe5 15.
Bxe5 Bd6 16. Bxf6 gxf6 17. Nd2 Bxg2 18. Kxg2 Be5 19. f4 Bb2 20. Rc2 Bxa3 21. Qa1
Bb4 22. Ne4 Qc6 23. Kg1 Rfd8 24. Nxf6+ Kf8 25. Nxh7+ Ke7 26. Qf6+ Ke8 27. Ng5
Qb7 28. f5 Qe7 29. fxe6 Qxf6 30. Rxf6 fxe6 31. Rcf2 c4 32. Rxe6+ Kd7 33. Rf7+
Kc8 34. Rc6+ Kb8 35. Rxc4 1-0

[Event "Xtracon Chess Open 2016"]
[Site "Helsingor DEN"]
[Date "2016.07.24"]
[Round "2.57"]
[White "Kristensen, Kjell Ole"]
[Black "Haldorsen, Benjamin"]
[Result "0-1"]
[BlackTitle "FM"]
[WhiteElo "2006"]
[BlackElo "2283"]
[WhiteFideId "1504746"]
[BlackFideId "1512633"]
[EventDate "2016.07.23"]

1. e4 e6 2. b3 d5 3. Bb2 dxe4 4. Nc3 Nf6 5. Qe2 Bb4 6. g4 Nc6 7. O-O-O Qe7 8.
Nxe4 Ba3 9. Nxf6+ Qxf6 10. c3 Qe7 11. Nf3 a5 12. Ne5 Nxe5 13. Qxe5 O-O 14. Bd3
a4 15. b4 Bxb2+ 16. Kxb2 a3+ 17. Kb1 Rd8 18. Bc2 Bd7 19. Qxc7 Qf6 20. f4 Qh4 21.
Rhg1 Bc6 22. f5 Bf3 23. Rdf1 Bxg4 24. Qf4 exf5 25. Bxf5 Bxf5+ 26. Qxf5 Qe7 27.
Rg2 g6 28. Qf4 Rac8 29. h4 Rd5 30. h5 Rxh5 31. Qg4 Rd8 32. Rgf2 Rf8 33. Qc4 Re5
34. Kc2 Re1 35. Kb3 Rxf1 36. Rxf1 Qd7 37. Rf2 b5 38. Qe4 Qa7 0-1

[Event "Xtracon Chess Open 2016"]
[Site "Helsingor DEN"]
[Date "2016.07.24"]
[Round "2.58"]
[White "Veng, Johnny"]
[Black "Jensen, Michael Agermose"]
[Result "1/2-1/2"]
[WhiteTitle "FM"]
[WhiteElo "2280"]
[BlackElo "2001"]
[WhiteFideId "1408623"]
[BlackFideId "1408216"]
[EventDate "2016.07.23"]

1. d4 g6 2. e4 Bg7 3. Nf3 d6 4. Be2 Nd7 5. O-O h6 6. Nc3 e6 7. a4 Ne7 8. a5 a6
9. Be3 O-O 10. Bc4 Kh7 11. Re1 e5 12. dxe5 Nxe5 13. Nxe5 Bxe5 14. Qd2 Bg7 15.
Bd4 Bxd4 16. Qxd4 Nc6 17. Qd2 Ne5 18. Bb3 Be6 19. f4 Nc6 20. Nd5 Bxd5 21. exd5
Ne7 22. Qc3 Ng8 23. Ba4 Nf6 24. Qd4 Nh5 25. g3 Qf6 26. Qxf6 Nxf6 27. c4 Rac8 28.
Rad1 Kg7 29. Rd3 Rfd8 30. b4 Kf8 31. Kg2 c6 1/2-1/2

[Event "Xtracon Chess Open 2016"]
[Site "Helsingor DEN"]
[Date "2016.07.24"]
[Round "2.59"]
[White "Krokay, Urszula"]
[Black "Larsen, Peter"]
[Result "1-0"]
[WhiteElo "2003"]
[BlackElo "2265"]
[WhiteFideId "1125508"]
[BlackFideId "1402862"]
[EventDate "2016.07.23"]

1. c4 e5 2. Nc3 Nc6 3. g3 f5 4. Bg2 Nf6 5. d3 Be7 6. e3 O-O 7. Nge2 d6 8. O-O
Be6 9. Nd5 Qd7 10. Nec3 Rab8 11. Qa4 Bd8 12. b4 a6 13. b5 Ne7 14. Nxf6+ Rxf6 15.
Rb1 axb5 16. Qa7 Rc8 17. Rxb5 b6 18. Qa4 Qe8 19. Qd1 Kh8 20. Rb1 Qf7 21. Nb5 d5
22. c5 bxc5 23. Ba3 f4 24. exf4 exf4 25. Bxc5 f3 26. Bh1 Bg4 27. Re1 Nc6 28. Re3 1-0

[Event "Xtracon Chess Open 2016"]
[Site "Helsingor DEN"]
[Date "2016.07.24"]
[Round "2.60"]
[White "Lercel, Michal"]
[Black "Schmied, Andreas"]
[Result "1-0"]
[WhiteElo "2265"]
[BlackElo "1995"]
[WhiteFideId "1114700"]
[BlackFideId "4625897"]
[EventDate "2016.07.23"]

1. e4 e5 2. Nf3 Nc6 3. Bb5 a6 4. Ba4 Nf6 5. d3 d6 6. c3 b5 7. Bc2 g6 8. O-O Bg7
9. d4 O-O 10. Nbd2 Bb7 11. Re1 Re8 12. d5 Nb8 13. Nf1 c6 14. dxc6 Bxc6 15. Bg5
h6 16. Bxf6 Qxf6 17. Ne3 Bf8 18. Bb3 Nd7 19. Bd5 Rac8 20. Bxc6 Rxc6 21. Nd5 Qd8
22. a4 Nf6 23. Nb4 Rc4 24. Nd2 Rc8 25. Nxa6 bxa4 26. Rxa4 d5 27. exd5 Qxd5 28.
Ne4 Qe6 29. Qe2 Nxe4 30. Rxe4 Qb6 31. Nb4 Qc5 32. Nd3 Qb5 33. Nxe5 Rb8 34. Qxb5
Rxb5 35. Nc4 Rc8 36. g3 f5 37. Rd4 Rb6 1-0

[Event "Xtracon Chess Open 2016"]
[Site "Helsingor DEN"]
[Date "2016.07.24"]
[Round "2.61"]
[White "Rosell, Sven"]
[Black "Merkesvik, Sondre"]
[Result "1/2-1/2"]
[BlackTitle "FM"]
[WhiteElo "1996"]
[BlackElo "2263"]
[WhiteFideId "1707760"]
[BlackFideId "1514350"]
[EventDate "2016.07.23"]

1. c4 Nf6 2. Nc3 d5 3. cxd5 Nxd5 4. g3 g6 5. Bg2 Nxc3 6. bxc3 Bg7 7. h4 h5 8.
Nh3 O-O 9. Qb3 Nd7 10. Ba3 c5 11. Nf4 e6 12. O-O Qa5 13. Rab1 Re8 14. Bb2 Nb6
15. Qa3 Qb5 16. Ba1 Qd7 17. Rxb6 axb6 18. Qxa8 Qxd2 19. Qa4 Rd8 20. Bf3 Bd7 21.
Qb3 Bc6 22. Bxc6 bxc6 23. Qxb6 c4 24. Qb2 Qd6 25. Qc2 e5 26. Ng2 f5 27. Bb2 Ra8
28. Bc1 Ra5 29. Ne3 Qe6 30. Qd2 Kh7 31. Rd1 f4 32. Ng2 fxg3 33. fxg3 Qh3 34. Qg5
Rxa2 35. Rd6 Qf5 36. Qxf5 gxf5 37. Kf2 Rc2 38. Bd2 Bf8 39. Rd7+ Kg6 40. Ne1 Bc5+
41. Kg2 Ra2 42. Nf3 Kf6 43. Ng5 e4 44. Kf1 Ra1+ 45. Be1 Be3 46. Rf7+ Kg6 47. Rd7
Kf6 48. Rf7+ Kg6 49. Rd7 Kf6 1/2-1/2

[Event "Xtracon Chess Open 2016"]
[Site "Helsingor DEN"]
[Date "2016.07.24"]
[Round "2.62"]
[White "Lenaerts, Lennert"]
[Black "Kakulidis, Ellen"]
[Result "1-0"]
[WhiteTitle "FM"]
[WhiteElo "2259"]
[BlackElo "1989"]
[WhiteFideId "211435"]
[BlackFideId "1444972"]
[EventDate "2016.07.23"]

1. d4 e6 2. c4 Nf6 3. Nc3 Bb4 4. Qc2 O-O 5. Nf3 b6 6. e4 d5 7. e5 Ne4 8. Bd3 f5
9. exf6 Nxf6 10. Bg5 Qe8 11. Bxf6 Rxf6 12. Bxh7+ Kh8 13. Ne5 Nc6 14. Bg6 Nxd4
15. Qd1 Rxg6 16. Qh5+ Kg8 17. Nxg6 Nc2+ 18. Kd1 Nxa1 19. Qh8+ Kf7 20. Ne5+ Ke7
21. Qxg7+ Kd8 22. Nb5 Be7 23. h4 a6 24. Nd4 Bd7 25. h5 c5 26. h6 Bf8 27. Qg3
Bxh6 28. Rxh6 cxd4 29. Rh8 Qxh8 30. Nf7+ Ke7 31. Nxh8 Rxh8 32. Qg7+ 1-0

[Event "Xtracon Chess Open 2016"]
[Site "Helsingor DEN"]
[Date "2016.07.24"]
[Round "2.63"]
[White "Garberg, Tore"]
[Black "Haugli, Petter"]
[Result "1/2-1/2"]
[BlackTitle "IM"]
[WhiteElo "1989"]
[BlackElo "2257"]
[WhiteFideId "1509632"]
[BlackFideId "1500104"]
[EventDate "2016.07.23"]

1. c4 Nf6 2. Nc3 g6 3. g3 Bg7 4. Bg2 O-O 5. e4 c5 6. a3 Nc6 7. Rb1 a5 8. Nge2
Ne8 9. O-O Nc7 10. d3 Ne6 11. Nb5 d6 12. Kh1 Bd7 13. f4 a4 14. f5 Ned4 15. Nbxd4
Nxd4 16. Nxd4 cxd4 17. g4 b5 18. cxb5 Bxb5 19. Qf3 Rc8 20. Bg5 h6 21. Bd2 g5 22.
Rbc1 Qb6 23. h4 Bf6 24. hxg5 hxg5 25. Rf2 Rxc1+ 26. Bxc1 Rc8 27. Bd2 Rc2 28. Bf1
Bc6 29. Bb4 Rxf2 30. Qxf2 d5 31. e5 Bxe5 32. Bxe7 f6 33. Bb4 Qa7 34. Qg2 Kg7 35.
Qh3 Be8 36. Qg2 Qc7 37. Qd2 Bf4 38. Qe2 Be3 39. Kg2 Bf7 40. Bd2 Qe5 41. Be1 Qb8
42. Qc2 Bf4 43. Bb4 Qh8 44. Kf3 Qh1+ 45. Bg2 Qg1 46. Qf2 Qd1+ 47. Qe2 Qb1 48.
Bd2 Bd6 49. Be1 Qc1 50. Qd2 Qc7 51. Qe2 Qb8 52. Qc2 Qe8 53. Qe2 Qb8 54. Qc2 Bh2
55. Qd2 Bf4 56. Qc2 Qe8 57. Qe2 Qh8 58. Bb4 Be5 59. Be1 Qh2 60. Qd2 Be8 61. Bf1
Qh1+ 62. Bg2 Qh8 63. Qb4 Qh2 64. Qd2 Bd6 65. Bf1 Qh1+ 66. Bg2 Qh2 67. Bf1 Qh1+
68. Bg2 1/2-1/2

[Event "Xtracon Chess Open 2016"]
[Site "Helsingor DEN"]
[Date "2016.07.24"]
[Round "2.64"]
[White "Taylor, Adam C"]
[Black "Svedberg, Hans"]
[Result "1-0"]
[WhiteTitle "FM"]
[WhiteElo "2254"]
[BlackElo "1985"]
[WhiteFideId "424668"]
[BlackFideId "1705113"]
[EventDate "2016.07.23"]

1. g3 d5 2. Bg2 g6 3. c4 c6 4. cxd5 cxd5 5. Nf3 Bg7 6. d4 Nf6 7. Nc3 Ne4 8. Nxe4
dxe4 9. Ne5 Qd5 10. Qc2 Nd7 11. O-O Nxe5 12. dxe5 Qxe5 13. Bf4 Qb5 14. a4 Qb4
15. Qxe4 Qxe4 16. Bxe4 a5 17. Rfd1 O-O 18. Rd2 e5 19. Be3 Bf6 20. Rd6 Be7 21.
Rb6 Ra6 22. Rb5 f6 23. Bxb7 Bxb7 24. Rxb7 Rf7 25. Rd1 Bf8 26. Rb5 Kg7 27. Rdd5
Bb4 28. Bb6 Rb7 29. Bd8 Raa7 30. g4 g5 31. Kg2 Kf7 32. Kf3 Ke6 33. Ke4 Rxb5 34.
axb5 Ra8 35. Bc7 1-0

[Event "Xtracon Chess Open 2016"]
[Site "Helsingor DEN"]
[Date "2016.07.24"]
[Round "2.65"]
[White "Kyrkjebo, Hanna B."]
[Black "Jacobsen, Mikkel Manosri"]
[Result "0-1"]
[BlackTitle "FM"]
[WhiteElo "1987"]
[BlackElo "2245"]
[WhiteFideId "1511599"]
[BlackFideId "1444514"]
[EventDate "2016.07.23"]

1. e4 c6 2. d4 d5 3. e5 Bf5 4. Nf3 e6 5. Be2 Nd7 6. O-O Ne7 7. Nbd2 h6 8. Nb3
Qc7 9. Be3 Bh7 10. Nh4 g5 11. Nf3 Ng6 12. Qd2 f6 13. exf6 Bd6 14. Nc5 Bxc5 15.
dxc5 Nxf6 16. c4 O-O 17. cxd5 exd5 18. Bd3 Ng4 19. Bxg6 Bxg6 20. h3 Nxe3 21.
Qxe3 Rae8 22. Qd2 Re4 23. Rfe1 Qe7 24. b4 Rff4 25. a3 Qf6 26. Rad1 Bh5 27. Rxe4
Rxe4 28. Qd3 Rf4 29. Re1 Bxf3 30. gxf3 Rxf3 31. Qe2 Qf7 32. Qe5 Rxf2 33. Qe8+
Qxe8 34. Rxe8+ Rf8 35. Re7 Rf7 36. Re8+ Kg7 37. Rd8 Kf6 38. Rd6+ Ke5 39. Rxh6 d4
40. Rd6 Ke4 41. Kg2 d3 42. a4 Ke3 43. Re6+ Kd4 44. Rd6+ Kc3 45. b5 d2 46. bxc6
bxc6 47. Rd8 Rf4 0-1

[Event "Xtracon Chess Open 2016"]
[Site "Helsingor DEN"]
[Date "2016.07.24"]
[Round "2.66"]
[White "Schmidt, Kresten"]
[Black "Larsen, Ulrik"]
[Result "0-1"]
[WhiteElo "2241"]
[BlackElo "1983"]
[WhiteFideId "1400436"]
[BlackFideId "1441167"]
[EventDate "2016.07.23"]

1. e4 e5 2. Nf3 Nc6 3. Bb5 a6 4. Ba4 Nf6 5. Qe2 b5 6. Bb3 Bc5 7. c3 d6 8. O-O
O-O 9. Rd1 Re8 10. Ng5 Re7 11. h3 Bb7 12. d3 h6 13. Nf3 d5 14. Nh4 dxe4 15. dxe4
Rd7 16. Rxd7 Qxd7 17. Nd2 Ne7 18. Bc2 g5 19. Nhf3 Ng6 20. Nb3 Bb6 21. Nh2 Qe7
22. Ng4 Nxg4 23. Qxg4 Bc8 24. Qh5 Qf6 25. Be3 Nf4 26. Qd1 Be6 27. Kh1 g4 28.
Bxb6 cxb6 29. f3 gxh3 30. g3 Nh5 31. Kh2 Kh8 32. Qe2 Nxg3 33. Qe3 Nh5 34. Rg1
Rd8 35. Qxb6 Qf4+ 36. Kh1 Qxf3+ 37. Kh2 Rg8 0-1

[Event "Xtracon Chess Open 2016"]
[Site "Helsingor DEN"]
[Date "2016.07.24"]
[Round "2.67"]
[White "Roe, Simon J"]
[Black "Taksrud, Vidar"]
[Result "1-0"]
[WhiteElo "2238"]
[BlackElo "1979"]
[WhiteFideId "401471"]
[BlackFideId "1502158"]
[EventDate "2016.07.23"]

1. Nf3 Nf6 2. c4 e6 3. g3 d5 4. Bg2 c6 5. b3 Be7 6. O-O O-O 7. Bb2 Nbd7 8. Nc3
a5 9. Qc2 Nb6 10. d3 a4 11. Rab1 a3 12. Ba1 d4 13. Nxd4 e5 14. Nf3 e4 15. dxe4
Qc7 16. e5 Ng4 17. h3 Nh6 18. Rbd1 Bc5 19. Ne4 Bf5 20. Nh4 Bxe4 21. Bxe4 f5 22.
Nxf5 Nxf5 23. Bxf5 g6 24. Be6+ Kg7 25. Bg4 h5 26. Bf3 Rf5 27. Kg2 Raf8 28. Qc3
Qe7 29. h4 Qe6 30. Qa5 Qe7 31. b4 Bxf2 32. Rxf2 Nxc4 33. Qa7 Qxb4 34. Rd7+ Kg8
35. Rxb7 Ne3+ 36. Kh3 Qg4+ 37. Kh2 1-0

[Event "Xtracon Chess Open 2016"]
[Site "Helsingor DEN"]
[Date "2016.07.24"]
[Round "2.68"]
[White "Henrichsen, Jens"]
[Black "Dahl, Trygve"]
[Result "0-1"]
[WhiteElo "1984"]
[BlackElo "2233"]
[WhiteFideId "1401858"]
[BlackFideId "1513427"]
[EventDate "2016.07.23"]

1. d4 f5 2. g3 Nf6 3. Bg2 e6 4. Nf3 d6 5. c4 Be7 6. Nc3 O-O 7. O-O Ne4 8. Qc2
Nxc3 9. Qxc3 a5 10. b3 Nc6 11. Bb2 Bf6 12. Qd2 Qe8 13. Rac1 e5 14. d5 Nb4 15. a3
Na6 16. b4 b6 17. Bc3 axb4 18. axb4 Qh5 19. Qb2 g5 20. Nd2 f4 21. Ne4 Bf5 22.
Ra1 Be7 23. Ra2 g4 24. gxf4 Bxe4 25. Bxe4 Rxf4 26. f3 Raf8 27. Rxa6 Qh3 28. Rf2
Bh4 29. Rg2 Rxe4 30. Ra1 Rxc4 31. Rf1 Kh8 32. f4 Qe3+ 0-1

[Event "Xtracon Chess Open 2016"]
[Site "Helsingor DEN"]
[Date "2016.07.24"]
[Round "2.69"]
[White "Pedersen, Nicolai Kvist Brondt"]
[Black "Rasmussen, Morten2"]
[Result "1/2-1/2"]
[WhiteElo "2231"]
[BlackElo "1972"]
[WhiteFideId "1413848"]
[BlackFideId "1410636"]
[EventDate "2016.07.23"]

1. c4 c6 2. Nf3 Nf6 3. Nc3 d5 4. e3 Bg4 5. cxd5 Nxd5 6. Be2 e6 7. O-O Be7 8. d4
O-O 9. e4 Nf6 10. Be3 Nbd7 11. Qc2 Qc7 12. Rad1 a6 13. Rfe1 Bh5 14. e5 Bg6 15.
Bd3 Nd5 16. Nxd5 exd5 17. Bxg6 hxg6 18. Bg5 Rfe8 19. e6 fxe6 20. Qxg6 Nf8 21.
Qh5 Bxg5 22. Nxg5 e5 23. Re3 g6 24. Qg4 exd4 25. Rxd4 Rxe3 26. fxe3 Re8 27. Qf3
Qe7 28. h4 Qxe3+ 29. Qxe3 Rxe3 30. Kf2 Re7 31. Rd3 Nh7 32. Nh3 Nf6 33. Nf4 Kg7
34. Kf3 Nd7 35. Kf2 Nc5 36. Re3 Ne4+ 37. Kf3 Rf7 38. g3 Re7 39. Rd3 Re5 40. b4
Kf7 41. a4 g5 42. hxg5 Nxg5+ 43. Kg4 Ne4 44. Kf3 Rg5 45. Kg2 Kf6 46. b5 axb5 47.
axb5 Ke5 48. bxc6 bxc6 49. Nh3 Rg6 50. Nf4 Rg7 51. Nh5 Rg5 52. Nf4 Nxg3 53. Nh3
Nh5+ 54. Nxg5 Nf4+ 55. Kf3 Nxd3 56. Ke3 Nc1 57. Nf7+ Ke6 58. Ng5+ Kd7 59. Nf3 1/2-1/2